Wszystkie skrzynki w CS 2 - Statystyki

Ogólne statystyki
  • Ten quiz został rozwiązany 41 razy
  • Średni wynik to 17 z 40
Statystyki odpowiedzi
Hint Odpowiedź % Poprawnych
01/2015 Chroma
78%
04/2015 Chroma 2
78%
09/2013 Bravo
74%
04/2016 Chroma 3
74%
06/2016 Gamma
70%
08/2016 Gamma 2
70%
07/2014 Breakout
59%
02/2014 Phoenix
59%
02/2024 Kilowatt
52%
12/2015 Revolver
52%
09/2021 Riptide
48%
01/2022 Dreams & Nightmares
48%
02/2023 Revolution
48%
09/2015 Shadow
48%
11/2019 Shattered Web
48%
11/2016 Glove
44%
05/2014 Huntsman
44%
05/2017 Hydra
44%
11/2014 Vanguard
44%
03/2019 Prisma
41%
03/2017 Spectrum
41%
12/2020 Broken Fang
37%
10/2019 CS20
37%
12/2018 Danger Zone
37%
05/2015 Falchion
37%
03/2020 Prisma 2
37%
09/2017 Spectrum 2
37%
02/2016 Wildfire
37%
12/2013 Winter Offensive
33%
08/2013 CS:GO Weapon
30%
11/2013 CS:GO Weapon 2
30%
02/2014 CS:GO Weapon 3
30%
08/2020 Fracture
30%
07/2022 Recoil
30%
08/2018 Horizon
26%
05/2021 Snakebite
26%
02/2018 Clutch
22%
08/2013 eSports 2013
22%
12/2013 eSports 2013 Winter
15%
07/2014 eSports 2014 Summer
15%
Nie znaleziono quizów pasujących do podanych kryteriów
Rozkład punktacji
Procent ludzi z każdym wynikiem
Percentyl według liczby udzielonych odpowiedzi
Twoja historia wyników
Nie rozwiązałeś tego quizu